[Event "Chernivtsi Open-2016"]
[Site "Chernivtsi"]
[Date "2016.07.19"]
[Round "1.1"]
[White "Vusatiuk, Vladimir"]
[Black "Mikhailiuk, Denis"]
[Result "1-0"]
[WhiteElo "2383"]
[BlackElo "1850"]
[PlyCount "71"]
[EventDate "2016.07.19"]
[EventType "swiss"]
[EventRounds "9"]
[EventCountry "UKR"]

1. e4 c5 2. Nc3 e6 3. f4 Nc6 4. Nf3 d6 5. Bb5 Bd7 6. d3 Nf6 7. O-O Be7 8. h3
O-O 9. a4 Nd4 10. Bxd7 Nxd7 11. Ne2 Nxf3+ 12. Rxf3 f5 13. c3 fxe4 14. dxe4 Qb6
15. Qc2 Rae8 16. Be3 Qc6 17. Rd1 b5 18. axb5 Qxb5 19. Ra1 Ra8 20. c4 Qb7 21.
Bd2 Rfb8 22. Bc3 Nf6 23. Ng3 Nd7 24. Nh5 Nf6 25. Nxf6+ Bxf6 26. Bxf6 gxf6 27.
b3 Kh8 28. Rd1 Rd8 29. Qc3 e5 30. fxe5 dxe5 31. Rd5 Rxd5 32. cxd5 Qe7 33. Qa5
Rc8 34. Qa6 Rf8 35. Qc6 Kg7 36. d6 1-0

[Event "Chernivtsi Open-2016"]
[Site "Chernivtsi"]
[Date "2016.07.19"]
[Round "1.2"]
[White "Kruchak, Lesia"]
[Black "Bykovskiy, Oleg"]
[Result "0-1"]
[WhiteElo "1782"]
[BlackElo "2324"]
[PlyCount "90"]
[EventDate "2016.07.19"]
[EventType "swiss"]
[EventRounds "9"]
[EventCountry "UKR"]

1. d4 g6 2. Nf3 Nf6 3. g3 Bg7 4. Bg2 O-O 5. O-O c5 6. c3 d5 7. Bf4 Nc6 8. dxc5
Ne4 9. Ng5 Nxg5 10. Bxg5 d4 11. cxd4 Qxd4 12. Qxd4 Bxd4 13. Nc3 Bxc5 14. Na4
Bd6 15. Bxc6 bxc6 16. Rfc1 Rb8 17. b3 Ba6 18. Rc2 Rfc8 19. Bf4 Bxf4 20. gxf4
Rd8 21. Nc5 Bc8 22. Nd3 Bf5 23. Rxc6 Bxd3 24. exd3 Rxd3 25. Rc7 e6 26. Rxa7 Rb4
27. f5 gxf5 28. Rc1 Rg4+ 29. Kf1 Rg6 30. Rcc7 Rf6 31. b4 e5 32. b5 f4 33. Rd7
Rh3 34. Ra6 Rxa6 35. bxa6 Ra3 36. a7 Kg7 37. Ke2 f3+ 38. Kd2 Kg6 39. Kc2 Rxa2+
40. Kb3 Ra1 41. Kb4 e4 42. Kb5 e3 43. Rd6+ Kg7 44. Rd1 Rxd1 45. a8=Q exf2 0-1

[Event "Chernivtsi Open-2016"]
[Site "Chernivtsi"]
[Date "2016.07.19"]
[Round "1.3"]
[White "Yarmysty, Mikhail"]
[Black "Bilych, Olexiy"]
[Result "1-0"]
[WhiteElo "2303"]
[BlackElo "1742"]
[PlyCount "51"]
[EventDate "2016.07.19"]
[EventType "swiss"]
[EventRounds "9"]
[EventCountry "UKR"]

1. d4 Nf6 2. Nf3 e6 3. Bg5 b6 4. e4 h6 5. Bxf6 Qxf6 6. Bd3 Bb7 7. Nbd2 d6 8.
Qe2 e5 9. c3 Be7 10. O-O O-O 11. d5 a5 12. b4 Qg6 13. a4 Ba6 14. Bb5 f5 15.
bxa5 bxa5 16. exf5 Qxf5 17. Ne4 Bb7 18. Rfd1 Qg4 19. Qc4 Qc8 20. Nxe5 Bf6 21.
Ng6 Rf7 22. Nxf6+ gxf6 23. Re1 Kh7 24. Ne7 Qf8 25. Qd3+ f5 26. Nxf5 1-0

[Event "Chernivtsi Open-2016"]
[Site "Chernivtsi"]
[Date "2016.07.19"]
[Round "1.4"]
[White "Constantinou, Ivan"]
[Black "Polulikh, Bogdan"]
[Result "1/2-1/2"]
[WhiteElo "1573"]
[BlackElo "2188"]
[PlyCount "126"]
[EventDate "2016.07.19"]
[EventType "swiss"]
[EventRounds "9"]
[EventCountry "UKR"]

1. e4 e5 2. Nf3 Nf6 3. Nxe5 d6 4. Nf3 Nxe4 5. Nc3 Nxc3 6. dxc3 Be7 7. Be3 Nc6
8. Qd2 Be6 9. Nd4 Nxd4 10. Bxd4 Bg5 11. Be3 Bxe3 12. Qxe3 O-O 13. Bd3 Re8 14.
O-O Bd5 15. Qf4 Re5 16. Rfe1 Qe7 17. Rxe5 Qxe5 18. Qxe5 dxe5 19. Re1 Re8 20.
Be4 Bxe4 21. Rxe4 f5 22. Re1 Kf7 23. f3 g5 24. Kf2 h5 25. g3 Kf6 26. Rd1 Ke6
27. Ke3 Rg8 28. c4 h4 29. g4 fxg4 30. fxg4 Rf8 31. h3 a5 32. a4 b6 33. c3 Rf4
34. b3 e4 35. Rd5 Rf3+ 36. Kxe4 Rxh3 37. Rxg5 Rxc3 38. Re5+ Kf7 39. Rf5+ Kg6
40. Kf4 Rxb3 41. Rg5+ Kf6 42. Rf5+ Ke6 43. Re5+ Kf7 44. Rf5+ Kg7 45. Rg5+ Kf7
46. Rf5+ Kg6 47. Rg5+ Kf6 48. Rf5+ Ke6 49. Re5+ Kd6 50. Re3 Rxe3 51. Kxe3 Ke5
52. Kf3 h3 53. Kg3 c6 54. Kxh3 b5 55. cxb5 cxb5 56. axb5 a4 57. b6 Kd6 58. b7
Kc7 59. b8=Q+ Kxb8 60. g5 a3 61. g6 a2 62. g7 a1=Q 63. g8=Q+ Ka7 1/2-1/2

[Event "Chernivtsi Open-2016"]
[Site "Chernivtsi"]
[Date "2016.07.19"]
[Round "1.5"]
[White "Huda, Maryana"]
[Black "Shusta, Irina"]
[Result "1-0"]
[WhiteElo "2168"]
[BlackElo "1556"]
[PlyCount "49"]
[EventDate "2016.07.19"]
[EventType "swiss"]
[EventRounds "9"]
[EventCountry "UKR"]

1. e4 c5 2. Nf3 d6 3. d4 cxd4 4. Nxd4 Nf6 5. Nc3 a6 6. Be2 e6 7. O-O Be7 8. f4
Nbd7 9. Be3 O-O 10. Qe1 Qc7 11. Qg3 b5 12. Bf3 Bb7 13. e5 dxe5 14. fxe5 Ne8 15.
Rae1 Bxf3 16. Nxf3 b4 17. Ne4 Qxc2 18. Bd4 Qc6 19. Rf2 Nc5 20. Nxc5 Bxc5 21.
Rc1 Nc7 22. Bxc5 Rfd8 23. Be3 Qb7 24. Ng5 Rd7 25. Rcf1 1-0

[Event "Chernivtsi Open-2016"]
[Site "Chernivtsi"]
[Date "2016.07.19"]
[Round "1.6"]
[White "Thomre, Abhishek"]
[Black "Cherepov, Alexej"]
[Result "1/2-1/2"]
[WhiteElo "1549"]
[BlackElo "2165"]
[PlyCount "56"]
[EventDate "2016.07.19"]
[EventType "swiss"]
[EventRounds "9"]
[EventCountry "UKR"]

1. d4 d5 2. Nf3 c6 3. e3 Nf6 4. Nbd2 Bf5 5. Be2 e6 6. b3 h6 7. Bb2 c5 8. O-O
Nc6 9. a3 Rc8 10. Rc1 cxd4 11. exd4 Be7 12. c4 dxc4 13. bxc4 O-O 14. Re1 Qd6
15. Nb3 Rfd8 16. Bd3 Bxd3 17. Qxd3 Qc7 18. Qe2 Qf4 19. g3 Qb8 20. Nfd2 Rd7 21.
Ne4 Rcd8 22. d5 exd5 23. Nxf6+ Bxf6 24. Bxf6 gxf6 25. Qg4+ Kf8 26. Qh4 Kg7 27.
Qg4+ Kf8 28. Qh4 Kg7 1/2-1/2

[Event "Chernivtsi Open-2016"]
[Site "Chernivtsi"]
[Date "2016.07.19"]
[Round "1.7"]
[White "Sukhov, Andrey"]
[Black "Petrov, Timur"]
[Result "1-0"]
[WhiteElo "2154"]
[BlackElo "1447"]
[PlyCount "57"]
[EventDate "2016.07.19"]
[EventType "swiss"]
[EventRounds "9"]
[EventCountry "UKR"]

1. e4 c5 2. Nf3 d6 3. d4 cxd4 4. Qxd4 Nc6 5. Bb5 Bd7 6. Bxc6 Bxc6 7. Nc3 Nf6 8.
Bg5 e5 9. Qd3 Be7 10. O-O h6 11. Bxf6 Bxf6 12. Rad1 Be7 13. Qc4 Qb6 14. Nd5
Bxd5 15. Rxd5 O-O 16. Rb5 Qa6 17. Qb3 b6 18. Nd2 Rac8 19. Nc4 Rc6 20. Ne3 Rfc8
21. f4 exf4 22. Rxf4 Bg5 23. Rxg5 hxg5 24. Qxf7+ Kh8 25. Rf3 d5 26. Nf5 R8c7
27. Rh3+ Rh6 28. Rxh6+ gxh6 29. Qxc7 1-0

[Event "Chernivtsi Open-2016"]
[Site "Chernivtsi"]
[Date "2016.07.20"]
[Round "2.1"]
[White "Medvedyk, Volodymyr"]
[Black "Vusatiuk, Vladimir"]
[Result "0-1"]
[WhiteElo "1944"]
[BlackElo "2383"]
[PlyCount "66"]
[EventDate "2016.07.19"]
[EventType "swiss"]
[EventRounds "9"]
[EventCountry "UKR"]

1. c4 e5 2. g3 f5 3. Bg2 Nc6 4. Nc3 Nf6 5. d3 Bb4 6. Nf3 Bxc3+ 7. bxc3 O-O 8.
O-O d6 9. a4 Qe8 10. e3 e4 11. Ne1 Ne5 12. f4 Nxd3 13. Nxd3 exd3 14. Qxd3 Ne4
15. Ba3 Kh8 16. Bxe4 fxe4 17. Qd4 b6 18. a5 Rf5 19. axb6 axb6 20. Bb2 Rfa5 21.
Rxa5 Rxa5 22. Ra1 Rxa1+ 23. Bxa1 Qa4 24. Bb2 Qc2 25. Qd5 Qb1+ 26. Kf2 Qxb2+ 27.
Kg1 Qa1+ 28. Kf2 Qa2+ 29. Ke1 Bg4 30. Kf1 Qe2+ 31. Kg1 Qxe3+ 32. Kg2 Qf3+ 33.
Kg1 Qd1+ 0-1

[Event "Chernivtsi Open-2016"]
[Site "Chernivtsi"]
[Date "2016.07.20"]
[Round "2.2"]
[White "Bykovskiy, Oleg"]
[Black "Voloshchuk, Iliya"]
[Result "1-0"]
[WhiteElo "2324"]
[BlackElo "1959"]
[PlyCount "93"]
[EventDate "2016.07.19"]
[EventType "swiss"]
[EventRounds "9"]
[EventCountry "UKR"]

1. d4 d6 2. Nc3 Nf6 3. Nf3 Nbd7 4. d5 e5 5. dxe6 fxe6 6. e4 Be7 7. Bc4 Nb6 8.
Bb3 d5 9. e5 Nfd7 10. a3 O-O 11. O-O c5 12. Qe2 a6 13. Re1 Nb8 14. Nd1 Nc6 15.
c3 Bd7 16. Bc2 Be8 17. h3 Bh5 18. g4 Bf7 19. Ne3 Qe8 20. Ng2 Bg6 21. Bxg6 Qxg6
22. b3 Qf7 23. Nd2 g5 24. f4 gxf4 25. Nf3 c4 26. b4 a5 27. b5 Bc5+ 28. Kh1 Ne7
29. Rf1 Ng6 30. h4 Qg7 31. h5 Ne7 32. Nxf4 Qxg4 33. Qg2 Qxg2+ 34. Kxg2 Rxf4 35.
Bxf4 Rf8 36. Ng5 Nd7 37. Nxe6 Rf5 38. Nxc5 Nxc5 39. Be3 Nb3 40. Rae1 Rxh5 41.
e6 Nf5 42. Bd4 Rg5+ 43. Kh3 Nbxd4 44. cxd4 Ne7 45. Rf7 Rg7 46. Ref1 Rxf7 47.
Rxf7 1-0

[Event "Chernivtsi Open-2016"]
[Site "Chernivtsi"]
[Date "2016.07.20"]
[Round "2.3"]
[White "Mintenko, Heorhiy"]
[Black "Yarmysty, Mikhail"]
[Result "0-1"]
[WhiteElo "1924"]
[BlackElo "2303"]
[PlyCount "58"]
[EventDate "2016.07.19"]
[EventType "swiss"]
[EventRounds "9"]
[EventCountry "UKR"]

1. b3 d5 2. Bb2 Nf6 3. Nf3 c5 4. e3 Bg4 5. Bb5+ Nc6 6. Bxc6+ bxc6 7. O-O e6 8.
d4 cxd4 9. exd4 Bd6 10. c4 O-O 11. Nbd2 Ne4 12. Qc2 Nxd2 13. Nxd2 a5 14. h3 Bh5
15. a3 Rb8 16. Qd3 Rb7 17. Rfe1 Bg6 18. Qf3 Qb8 19. Re3 Bh2+ 20. Kh1 Bf4 21.
Bc3 Bxe3 22. Qxe3 Qa7 23. b4 axb4 24. axb4 Qb8 25. Ra6 Rb6 26. Rxb6 Qxb6 27.
Nf3 dxc4 28. Ne5 Qb5 29. Qe2 Bd3 0-1

[Event "Chernivtsi Open-2016"]
[Site "Chernivtsi"]
[Date "2016.07.20"]
[Round "2.4"]
[White "Mitsyk, Yuriy"]
[Black "Huda, Maryana"]
[Result "0-1"]
[WhiteElo "1896"]
[BlackElo "2168"]
[PlyCount "74"]
[EventDate "2016.07.19"]
[EventType "swiss"]
[EventRounds "9"]
[EventCountry "UKR"]

1. e4 e5 2. f4 Bc5 3. Nf3 d6 4. c3 Nc6 5. d4 exd4 6. cxd4 Bb6 7. Bb5 Bd7 8. d5
Nce7 9. Qe2 Bxb5 10. Qxb5+ Qd7 11. Qe2 Nf6 12. Nc3 O-O 13. Be3 Bxe3 14. Qxe3
Nexd5 15. Nxd5 Nxd5 16. Qd2 Nf6 17. e5 dxe5 18. fxe5 Qxd2+ 19. Kxd2 Rad8+ 20.
Ke2 Nd5 21. g3 Rfe8 22. Kf2 Nb4 23. Rhd1 Nc6 24. Rac1 Kf8 25. Rxd8 Rxd8 26. Rc2
Ke7 27. Ng5 Nxe5 28. Rxc7+ Rd7 29. Rc2 h6 30. Ne4 f5 31. Nc3 Kf6 32. h3 g5 33.
Na4 h5 34. Kg2 Nd3 35. Re2 h4 36. Nc3 hxg3 37. Kxg3 Nf4 0-1

[Event "Chernivtsi Open-2016"]
[Site "Chernivtsi"]
[Date "2016.07.20"]
[Round "2.5"]
[White "Lukyanov, Mikhail"]
[Black "Sukhov, Andrey"]
[Result "0-1"]
[WhiteElo "1859"]
[BlackElo "2154"]
[PlyCount "144"]
[EventDate "2016.07.19"]
[EventType "swiss"]
[EventRounds "9"]
[EventCountry "UKR"]

1. d4 Nf6 2. Nf3 b6 3. e3 Bb7 4. Bd3 e6 5. b3 Be7 6. Bb2 O-O 7. Nbd2 d5 8. O-O
Nbd7 9. Ne5 c5 10. f4 Rc8 11. Qe2 g6 12. g4 Qc7 13. f5 exf5 14. gxf5 Bd6 15.
Ndf3 Rce8 16. Bb5 cxd4 17. exd4 Re7 18. Rae1 a6 19. Bxa6 Bxa6 20. Qxa6 Qxc2 21.
Rf2 Qxf5 22. Ref1 Ng4 23. Nxg4 Qxg4+ 24. Rg2 Qe4 25. Bc1 Rfe8 26. Qb5 Rc8 27.
Bh6 Rc3 28. Rgf2 Qg4+ 29. Kh1 Qh5 30. Bg5 Re6 31. Qxd5 h6 32. Qa8+ Kg7 33. Ne5
f6 34. Nxd7 hxg5 35. Ne5 g4 36. Qd5 Rxe5 37. Qxd6 Rf5 38. Qe7+ Kh6 39. Rxf5
gxf5 40. Qxf6+ Qg6 41. Qxf5 Qxf5 42. Rxf5 Rc2 43. a4 Rd2 44. Rb5 Rxd4 45. Rxb6+
Kg5 46. a5 Rd1+ 47. Kg2 Rd2+ 48. Kg3 Rd3+ 49. Kf2 Rd2+ 50. Ke3 Rxh2 51. a6 Ra2
52. Rb8 Rxa6 53. Rg8+ Kh4 54. Kf2 Ra2+ 55. Kf1 Kg3 56. Rc8 Ra1+ 57. Ke2 Kg2 58.
Rg8 g3 59. Rh8 Rb1 60. Rb8 Kg1 61. b4 g2 62. b5 Rb4 63. b6 Rb2+ 64. Ke1 Rf2 65.
b7 Rf7 66. Ke2 Re7+ 67. Kd2 Rh7 68. Rg8 Rxb7 69. Ke2 Rh7 70. Kf3 Rh3+ 71. Ke2
Kh1 72. Kf2 Rh2 0-1

[Event "Chernivtsi Open-2016"]
[Site "Chernivtsi"]
[Date "2016.07.20"]
[Round "2.6"]
[White "Vinogradnik, Vladimir"]
[Black "Vershigora, Yury"]
[Result "1-0"]
[WhiteElo "2153"]
[BlackElo "1931"]
[PlyCount "87"]
[EventDate "2016.07.19"]
[EventType "swiss"]
[EventRounds "9"]
[EventCountry "UKR"]

1. e4 c6 2. d3 d5 3. Nd2 e5 4. Ngf3 Bd6 5. d4 exd4 6. Bd3 c5 7. exd5 Nf6 8. O-O
O-O 9. Ne4 Nxd5 10. Nfg5 g6 11. Nxd6 Qxd6 12. Ne4 Qc6 13. Re1 Bf5 14. Nxc5 Qxc5
15. Bxf5 gxf5 16. Bh6 Nd7 17. Qf3 Qd6 18. Bxf8 Nxf8 19. Qxf5 Ne6 20. Re5 Ne7
21. Qf6 Ng6 22. Re4 Qc6 23. Rae1 Qxc2 24. h4 d3 25. Qf3 d2 26. Rd1 Rd8 27. Kh2
Rd3 28. Qe2 Nd4 29. Re8+ Kg7 30. Rc8 Nc6 31. h5 Nge7 32. Qxe7 Rd5 33. h6+ Kxh6
34. Qf6+ Qg6 35. Qxg6+ fxg6 36. Rc7 Kg5 37. Rxb7 h5 38. Rc7 Rd6 39. Kg3 Rd3+
40. f3 h4+ 41. Kf2 Nd4 42. Rc3 Rxc3 43. bxc3 Nb5 44. c4 1-0

[Event "Chernivtsi Open-2016"]
[Site "Chernivtsi"]
[Date "2016.07.20"]
[Round "2.8"]
[White "Korduban, Valerij"]
[Black "Prydun, Andriy"]
[Result "1/2-1/2"]
[WhiteElo "2082"]
[BlackElo "1876"]
[PlyCount "79"]
[EventDate "2016.07.19"]
[EventType "swiss"]
[EventRounds "9"]
[EventCountry "UKR"]

1. b3 e5 2. Bb2 f6 3. e4 Bc5 4. Bc4 Ne7 5. Qh5+ Ng6 6. Nf3 Nc6 7. Nh4 Nce7 8.
f4 d5 9. exd5 exf4 10. Nc3 Bd6 11. Nxg6 Nxg6 12. O-O-O O-O 13. Ne4 Ne5 14. Bxe5
fxe5 15. Ng5 Bf5 16. Ne6 Qf6 17. Kb2 Rfb8 18. Nxc7 g6 19. Qe2 Bxc7 20. d6+ Kg7
21. dxc7 Rc8 22. c3 Rxc7 23. g4 Bd7 24. d4 Re8 25. d5 e4 26. Rd4 f3 27. Qe3 b5
28. g5 Qe5 29. d6 Rc5 30. Re1 bxc4 31. b4 Rcc8 32. h4 Re6 33. Rxe4 Qxe4 34.
Qxa7 Qxe1 35. Qxd7+ Kf8 36. Qxc8+ Re8 37. d7 Qd2+ 38. Kb1 Qd3+ 39. Kb2 Qd2+ 40.
Kb1 1/2-1/2

[Event "Chernivtsi Open-2016"]
[Site "Chernivtsi"]
[Date "2016.07.20"]
[Round "3.1"]
[White "Vusatiuk, Vladimir"]
[Black "Vinogradnik, Vladimir"]
[Result "1-0"]
[WhiteElo "2383"]
[BlackElo "2153"]
[PlyCount "63"]
[EventDate "2016.07.19"]
[EventType "swiss"]
[EventRounds "9"]
[EventCountry "UKR"]

1. d4 Nf6 2. Nf3 e6 3. Nbd2 c5 4. e3 Nc6 5. Bd3 Be7 6. O-O O-O 7. b3 cxd4 8.
exd4 Nb4 9. Be2 Nbd5 10. Nb1 Qc7 11. g3 Ne4 12. Bd3 f5 13. a3 b6 14. c4 Ndf6
15. Ne1 Bb7 16. Ng2 h6 17. f3 Ng5 18. Nf4 Bd6 19. Kg2 Ng4 20. h3 e5 21. hxg4
exf4 22. Bxf5 Rf6 23. Nc3 a6 24. Qd3 Re8 25. d5 Be5 26. Re1 Ref8 27. Rxe5 Qxe5
28. gxf4 Qe1 29. fxg5 hxg5 30. Bb2 Qe7 31. Rh1 g6 32. Bxg6 1-0

[Event "Chernivtsi Open-2016"]
[Site "Chernivtsi"]
[Date "2016.07.20"]
[Round "3.2"]
[White "Roenko, Artur"]
[Black "Bykovskiy, Oleg"]
[Result "0-1"]
[WhiteElo "2123"]
[BlackElo "2324"]
[PlyCount "136"]
[EventDate "2016.07.19"]
[EventType "swiss"]
[EventRounds "9"]
[EventCountry "UKR"]

1. d4 g6 2. Nc3 Bg7 3. e4 c6 4. Nf3 d6 5. h3 Nd7 6. a4 Ngf6 7. e5 Ng8 8. Bf4 d5
9. Bd3 e6 10. Qd2 a6 11. Ne2 c5 12. c3 c4 13. Bc2 a5 14. O-O b5 15. axb5 Nb6
16. Ra2 Qd7 17. b3 cxb3 18. Bxb3 a4 19. Rfa1 Qxb5 20. Bc2 Bd7 21. Bd3 Qc6 22.
Rb1 Nc4 23. Bxc4 Qxc4 24. Rb4 Qc8 25. c4 dxc4 26. d5 exd5 27. Qxd5 Ne7 28. Qxc4
Qxc4 29. Rxc4 O-O 30. Rd4 Ra7 31. Rxd7 Rxd7 32. Rxa4 Rd1+ 33. Kh2 h6 34. Nc3
Rd3 35. Rc4 g5 36. Bc1 Nf5 37. Ne4 Rfd8 38. Nf6+ Bxf6 39. exf6 Nd6 40. Rg4 Rc8
41. Be3 Rc4 42. Nd4 Kh7 43. Nf3 Rxg4 44. hxg4 Ne4 45. Ne5 Rd5 46. f4 Nxf6 47.
Kh3 Nd7 48. Nf3 f6 49. Kg3 Rd3 50. Kf2 gxf4 51. Bxf4 Nc5 52. Nh4 Rd4 53. Ke3
Ne6 54. g3 Ra4 55. Nf5 Ng5 56. Nd6 Kg6 57. Nf5 Ra5 58. Nd6 Ne6 59. Nf5 Nxf4 60.
Kxf4 Ra4+ 61. Kf3 Kg5 62. Ne3 Ra3 63. Ke4 Rxe3+ 64. Kxe3 Kxg4 65. Kf2 h5 66.
Kg2 h4 67. gxh4 Kxh4 68. Kf3 Kg5 0-1

[Event "Chernivtsi Open-2016"]
[Site "Chernivtsi"]
[Date "2016.07.20"]
[Round "3.3"]
[White "Yarmysty, Mikhail"]
[Black "Kyrychenko, Mykola"]
[Result "1-0"]
[WhiteElo "2303"]
[BlackElo "2040"]
[PlyCount "41"]
[EventDate "2016.07.19"]
[EventType "swiss"]
[EventRounds "9"]
[EventCountry "UKR"]

1. e4 c5 2. Nc3 Nc6 3. f4 g6 4. Nf3 Bg7 5. Bc4 d6 6. O-O e6 7. d3 Nge7 8. Qe1
Nd4 9. Nxd4 Bxd4+ 10. Be3 Bg7 11. f5 exf5 12. g4 f4 13. Bxf4 O-O 14. Qg3 Bd4+
15. Kh1 Bxc3 16. bxc3 d5 17. exd5 Nxd5 18. Bd6 Ne3 19. Bxf8 Nxf1 20. Rxf1 Qxf8
21. Qc7 1-0

[Event "Chernivtsi Open-2016"]
[Site "Chernivtsi"]
[Date "2016.07.20"]
[Round "3.4"]
[White "Huda, Maryana"]
[Black "Lukiyanchuk, Vladislav"]
[Result "1/2-1/2"]
[WhiteElo "2168"]
[BlackElo "2003"]
[PlyCount "40"]
[EventDate "2016.07.19"]
[EventType "swiss"]
[EventRounds "9"]
[EventCountry "UKR"]

1. e4 e6 2. d4 d5 3. Nd2 c5 4. Ngf3 cxd4 5. exd5 Qxd5 6. Bc4 Qd6 7. O-O Nf6 8.
Nb3 Nc6 9. Nbxd4 Nxd4 10. Nxd4 a6 11. Bb3 Qc7 12. Qf3 Bd6 13. h3 O-O 14. c4 e5
15. Nc2 Be6 16. Bg5 Nd7 17. Rac1 h6 18. Bd2 Nc5 19. Nb4 Nxb3 20. axb3 Bxb4
1/2-1/2

[Event "Chernivtsi Open-2016"]
[Site "Chernivtsi"]
[Date "2016.07.20"]
[Round "3.6"]
[White "Ostakhnovich, Vladislav"]
[Black "Polulikh, Bogdan"]
[Result "1-0"]
[WhiteElo "1971"]
[BlackElo "2188"]
[PlyCount "115"]
[EventDate "2016.07.19"]
[EventType "swiss"]
[EventRounds "9"]
[EventCountry "UKR"]

1. d4 Nf6 2. c4 g6 3. Nc3 d5 4. cxd5 Nxd5 5. e4 Nxc3 6. bxc3 Bg7 7. Bc4 O-O 8.
Ne2 c5 9. Be3 Nc6 10. O-O Bg4 11. f3 Bd7 12. Qd2 Qa5 13. Rfd1 Rfd8 14. Rab1 Qa4
15. Bb3 Qa6 16. dxc5 Be8 17. Qc2 Ne5 18. c4 Nc6 19. Rxd8 Rxd8 20. Rd1 Rxd1+ 21.
Qxd1 Qa5 22. Qd2 Qxd2 23. Bxd2 Ne5 24. Kf1 e6 25. Nc1 Bf8 26. Be3 f5 27. exf5
exf5 28. Bd4 Nc6 29. Be3 Ne5 30. Bd4 Bg7 31. f4 Ng4 32. Bxg7 Kxg7 33. h3 Nf6
34. Bc2 Kf7 35. Kf2 Ke7 36. Ke3 Bc6 37. g3 Bg2 38. h4 Bf1 39. Bd3 Bxd3 40. Nxd3
Ne4 41. g4 Ke6 42. g5 Kd7 43. Kd4 Nd2 44. Ne5+ Ke6 45. c6 bxc6 46. Kc5 Ne4+ 47.
Kxc6 Nc3 48. a3 Ne2 49. Nd3 Nd4+ 50. Kb7 Nc2 51. a4 Kd6 52. c5+ Kd5 53. c6 Ne3
54. c7 Nc4 55. Nb4+ Ke4 56. Kc6 Nb6 57. a5 Nd5 58. Nxd5 1-0

[Event "Chernivtsi Open-2016"]
[Site "Chernivtsi"]
[Date "2016.07.20"]
[Round "3.7"]
[White "Prydun, Andriy"]
[Black "Cherepov, Alexej"]
[Result "1/2-1/2"]
[WhiteElo "1876"]
[BlackElo "2165"]
[PlyCount "89"]
[EventDate "2016.07.19"]
[EventType "swiss"]
[EventRounds "9"]
[EventCountry "UKR"]

1. d4 d5 2. Bf4 Nf6 3. Nf3 c6 4. c3 Nh5 5. Be5 f6 6. Bxb8 Rxb8 7. e3 Qd6 8. c4
e6 9. g4 Nf4 10. exf4 Qxf4 11. h3 h5 12. gxh5 Rxh5 13. Bd3 Rh6 14. cxd5 exd5
15. Qe2+ Kf7 16. Qe3 Qd6 17. Nc3 Bg4 18. O-O-O Bxh3 19. Rxh3 Rxh3 20. Ng5+ fxg5
21. Qxh3 Re8 22. Qf5+ Qf6 23. Qxf6+ Kxf6 24. Kd2 Bd6 25. Ne2 Rh8 26. Kc3 Rh2
27. Rf1 g4 28. a4 a5 29. Kd2 Kg5 30. Ng1 Kf4 31. Bg6 g3 32. Ke2 g2 33. Rd1 Rh1
34. f3 Kg3 35. f4 Rxg1 36. Rxg1 Bxf4 37. Rd1 Bg5 38. Bf5 Kh2 39. Bc8 b6 40. Bb7
Bf6 41. Bxc6 Bxd4 42. Bxd5 g1=Q 43. Rxg1 Kxg1 44. b3 g5 45. Kf3 1/2-1/2

[Event "Chernivtsi Open-2016"]
[Site "Chernivtsi"]
[Date "2016.07.20"]
[Round "3.9"]
[White "Boyechko, Oleg"]
[Black "Vovk, Viktor"]
[Result "1/2-1/2"]
[WhiteElo "1996"]
[BlackElo "1949"]
[PlyCount "83"]
[EventDate "2016.07.19"]
[EventType "swiss"]
[EventRounds "9"]
[EventCountry "UKR"]

1. e4 e6 2. d3 b6 3. g3 Bb7 4. Bg2 d6 5. f4 g6 6. Nf3 Bg7 7. O-O Ne7 8. c3 O-O
9. Be3 d5 10. Qc2 c5 11. Bf2 Nbc6 12. Nbd2 Qc7 13. e5 Rfe8 14. a3 a5 15. Rfd1
Rac8 16. Rac1 Ba6 17. Bf1 Qb7 18. Qb1 Bf8 19. b4 axb4 20. axb4 cxb4 21. cxb4
Bb5 22. g4 Ra8 23. d4 Bxf1 24. Nxf1 b5 25. Be1 Qb6 26. Qb2 Ra4 27. Ra1 Rea8 28.
Rxa4 Rxa4 29. Ra1 Qa7 30. Rxa4 Qxa4 31. Qc3 Qa6 32. Ne3 Nc8 33. Nc2 N8a7 34. f5
exf5 35. gxf5 Qa2 36. fxg6 hxg6 37. Nd2 Qa6 38. Nb3 Qc8 39. Nc5 Qg4+ 40. Bg3
Qd1+ 41. Kf2 Bh6 42. Qd3 1/2-1/2

[Event "Chernivtsi Open-2016"]
[Site "Chernivtsi"]
[Date "2016.07.20"]
[Round "3.10"]
[White "Shusta, Irina"]
[Black "Bufin, Gleb"]
[Result "0-1"]
[WhiteElo "1556"]
[BlackElo "2044"]
[PlyCount "81"]
[EventDate "2016.07.19"]
[EventType "swiss"]
[EventRounds "9"]
[EventCountry "UKR"]

1. d4 Nf6 2. c4 e6 3. Nc3 Bb4 4. e3 b6 5. Nge2 Bb7 6. a3 Bxc3+ 7. Nxc3 d6 8. d5
e5 9. Bd3 O-O 10. O-O Nbd7 11. b4 Ne8 12. Qc2 g6 13. e4 Ng7 14. Bh6 f6 15. Ne2
Bc8 16. Ng3 Rf7 17. Qd1 Nf8 18. f4 exf4 19. Bxf4 Nd7 20. h4 Qe7 21. h5 Ne5 22.
hxg6 hxg6 23. Bxe5 Qxe5 24. Ne2 Bg4 25. Qc2 Nh5 26. Qc3 Qe7 27. Nf4 g5 28. Nxh5
Bxh5 29. Rae1 Raf8 30. Be2 Rh7 31. Bxh5 Rxh5 32. Qf3 Qh7 33. Qf5 Qh6 34. Qe6+
Kg7 35. Re3 Rh1+ 36. Kf2 Qh4+ 37. Ke2 Rh2 38. Kf3 Qf4+ 39. Ke2 Qh4 40. Rf2 g4
41. e5 0-1

[Event "Chernivtsi Open-2016"]
[Site "Chernivtsi"]
[Date "2016.07.21"]
[Round "4.1"]
[White "Yarmysty, Mikhail"]
[Black "Vusatiuk, Vladimir"]
[Result "1/2-1/2"]
[WhiteElo "2303"]
[BlackElo "2383"]
[PlyCount "46"]
[EventDate "2016.07.19"]
[EventType "swiss"]
[EventRounds "9"]
[EventCountry "UKR"]

1. e4 e6 2. d4 d5 3. Bd3 c5 4. exd5 exd5 5. dxc5 Bxc5 6. Nf3 Nf6 7. O-O O-O 8.
h3 Nc6 9. Bg5 h6 10. Bh4 g5 11. Nxg5 hxg5 12. Bxg5 Kg7 13. Nc3 Qd6 14. Qc1 Rh8
15. Bf4 Qd8 16. Bg5 Qd6 17. Bf4 Qd8 18. Bg5 Nd4 19. b4 Bxb4 20. Bxf6+ Qxf6 21.
Nxd5 Qh4 22. Qe3 Bd6 23. g3 Qxh3 $11 1/2-1/2

[Event "Chernivtsi Open-2016"]
[Site "Chernivtsi"]
[Date "2016.07.21"]
[Round "4.2"]
[White "Bykovskiy, Oleg"]
[Black "Sukhov, Andrey"]
[Result "1-0"]
[WhiteElo "2324"]
[BlackElo "2154"]
[PlyCount "57"]
[EventDate "2016.07.19"]
[EventType "swiss"]
[EventRounds "9"]
[EventCountry "UKR"]

1. e4 c5 2. Nf3 d6 3. d4 cxd4 4. Nxd4 Nf6 5. Nc3 a6 6. h3 e6 7. g4 Qc7 8. Bg2
Be7 9. Be3 Nc6 10. O-O O-O 11. Nxc6 bxc6 12. g5 Nd7 13. f4 d5 14. f5 Bc5 15.
Bxc5 Nxc5 16. fxe6 Nxe4 17. Nxe4 dxe4 18. exf7+ Kh8 19. Qe1 Be6 20. g6 Rab8 21.
Qh4 h6 22. Qxe4 Bd5 23. Qf4 Qb6+ 24. Qf2 Qxb2 25. Rab1 Qe5 26. Rxb8 Qxb8 27.
Qc5 Qd8 28. Bxd5 cxd5 29. Qxf8+ 1-0

[Event "Chernivtsi Open-2016"]
[Site "Chernivtsi"]
[Date "2016.07.21"]
[Round "4.3"]
[White "Korduban, Valerij"]
[Black "Huda, Maryana"]
[Result "1/2-1/2"]
[WhiteElo "2082"]
[BlackElo "2168"]
[PlyCount "29"]
[EventDate "2016.07.19"]
[EventType "swiss"]
[EventRounds "9"]
[EventCountry "UKR"]

1. g3 Nf6 2. Bg2 e6 3. Nf3 b6 4. c4 Bb7 5. Nc3 Bb4 6. Qc2 O-O 7. O-O Bxc3 8.
bxc3 c5 9. d3 d5 10. cxd5 exd5 11. a4 Nc6 12. Re1 Re8 13. e4 dxe4 14. dxe4 Na5
15. e5 $11 1/2-1/2

[Event "Chernivtsi Open-2016"]
[Site "Chernivtsi"]
[Date "2016.07.21"]
[Round "4.4"]
[White "Lukiyanchuk, Vladislav"]
[Black "Ostakhnovich, Vladislav"]
[Result "0-1"]
[WhiteElo "2003"]
[BlackElo "1971"]
[PlyCount "71"]
[EventDate "2016.07.19"]
[EventType "swiss"]
[EventRounds "9"]
[EventCountry "UKR"]

1. Nf3 Nf6 2. d3 d5 3. g3 b6 4. Bg2 Bb7 5. O-O e6 6. c4 Be7 7. Ne5 O-O 8. Nc3
Nbd7 9. f4 c5 10. cxd5 Nxd5 11. Nf3 Nxc3 12. bxc3 c4 13. d4 Nf6 14. Qc2 Be4 15.
Qa4 Qd5 16. Bh3 h6 17. Ba3 b5 18. Qa6 Bxa3 19. Qxa3 a5 20. Nd2 Ra6 21. Nxe4
Qxe4 22. Qb2 b4 23. Qd2 bxc3 24. Qxc3 Qxe2 25. Rfe1 Qd3 26. Qxd3 cxd3 27. Rad1
Rb8 28. Rxd3 Rb2 29. Ra3 Rc6 30. Rxa5 Rcc2 31. a4 Rxh2 32. Bf1 Rhd2 33. Ra8+
Kh7 34. Re3 Ng4 35. Rd3 Rf2 36. f5 0-1